00535nam a22001817i 4500001000400000003000400004005001700008007000300025008004100028024001300069040000800082084002000090100001900110245011000129260006800239300001900307490002700326634OSt20170126082245.0tu161220s1992 xxu||||| |||| 00| 0 d7 a6332RID cOSt a19.30a19.932z1 aAlton, Thad P.00aMoney Income of the Population and Standard of Living in Eastern Europe, Selected Countries, 1970 - 1991 aNew York :bL.W. International Financial Research, Inc.,c1992. a41 S. ;c30cm. aOccasional Papersv122